Lana del rey - Black beauty - Statistics

General Stats
  • This quiz has been taken 140 times
  • The average score is 180 of 222
Answer Stats
Answer % Correct
I
99%
a
98%
black
97%
Black
97%
you
97%
You
97%
you?
97%
my
95%
My
95%
paint
94%
beauty
92%
can
92%
do?
92%
nails
92%
the
92%
what
91%
dark
90%
have
89%
is
89%
shade
89%
but
87%
Oh
87%
beautiful
86%
don't
86%
hair
86%
Life
86%
to
86%
To
86%
clue
85%
darker
84%
dye
84%
your
84%
blue
82%
no
82%
like
80%
make
80%
of
80%
it
79%
So
79%
so
79%
sky
78%
women
78%
and
76%
sense
76%
brown
75%
'cause
72%
house
72%
dress
71%
said
71%
if
70%
in
70%
love
70%
on
70%
too
70%
spanish
68%
strong
68%
wedding
68%
Nothing
67%
for
66%
proud
64%
red
64%
seem
64%
way
64%
could
62%
leather
62%
ocean
62%
lips
61%
mood
60%
room
60%
soul
60%
spring
59%
You'd
59%
get
57%
sparrow
57%
magnificence
56%
through
56%
turn
56%
everything
55%
lost
55%
nighttime
55%
suit
55%
cherries
54%
Darling
54%
light
54%
can't
53%
all
52%
or
52%
Sun
52%
Their
51%
keep
48%
let
48%
today
46%
baby
41%
it'd
40%
with
25%
No matching quizzes found
Score Distribution
Percent of People with Each Score
Percentile by Number Answered
Your Score History
You have not taken this quiz